000 00626nam a2200241Ia 4500
005 20260430150128.0
008 008 250103s9999 xx 000 0 eng d
037 _aTheses
040 _aCRL
040 _beng
040 _ceng
041 _2eng
041 _aeng
084 _qCRL
100 _aSapna Au.; Sharma Nirja Gu.
_91236548
245 0 _aHistorical study of kausambi: Literary and archaeological perspective
260 _c2021
300 _a204p.
650 _aBuddhism
700 _aUniversity of Delhi. Faculty of Arts. Department of Buddhist Studies
942 _cTH
999 _c1849019
_d1849019